00995nam a2200253 i 450000100060000000300090000600500170001500700030003200800410003510000260007624501150010225000600021726000330027730000280031050500830033865000310042170000330045270000390048570000270052470000210055185200310057299900170060395201210062081063ES-MaACL20230906174348.0t|041102s1969 sp ||||1| spa d1 aHolzt, Alfred.96410213aLa escuela del técnico mecánico / ciniciado por Karl Georg Weitael ; bajo la dirección de Alfred Holzt. a3ª ed. bpuesta al día por José Serrat y Bonastre. aBarcelona : bLabor, c1969. a1 v. : bil. ; c22 cm.8 aContiene: T. VII: Calderas ; Máquinas de vapor / por Hugo Bèahr, O. Herre. 4aCalderas de vapor.91641251 aWeitael, Karl Georg.91164201 aSerrat y Bonastre, José.91058171 aBèahr, Hugo.91262541 aHerre, O.963176 aES-MaACLjP-1721 bR.70870 c81063d81063 00104070aATENEOMbATENEOMcDEPO2d2008-01-17eSCl0oP-1721p1084741r2023-02-23 00:00:00w2023-02-23yMONOGRAFIA